Estadísticas para Prueba de Pakistán

Haz click aquí para tomar la prueba!

Estadísticas generales

  • Esta prueba ha sido tomada 478 veces
  • La puntuación promedio es 12 de 22

Estadísticas de respuestas

PistaRespuesta% Correcto
CapitalIslamabad
95%
El deporte más popularCríquet
85%
El río más largo - el sitio de una antigua civilizaciónIndo
83%
Idiomas oficialesInglés
81%
El único país con más musulmanes que PakistánIndonesia
80%
La segunda montaña más alta del mundo, en la frontera con ChinaK2
78%
País anteriormente conocido como Pakistán OrientalBangladés
73%
Dos objetos que aparecen en la banderaCreciente
72%
Dos objetos que aparecen en la banderaEstrella
71%
Las dos ciudades más pobladasKarachi
70%
Idiomas oficialesUrdu
57%
Pakistán limita con este marMar Arábigo
56%
Las dos ciudades más pobladasLahore
48%
Los idiomas más habladosPastún
40%
El apellido más común en Pakistán
(Pista: comienza con K)
Khan
34%
Los idiomas más habladosPanyabí
30%
La ciudad, empezando con Q, que es la capital de BaluchistánQuetta
28%
La única mujer Primera MinistraBenazir Bhutto
27%
Deporte nacionalHockey sobre hierba
26%
El animal nacional de Pakistán es el Markhor, un tipo de...Cabra
25%
Flor nacional (Pista: es blanca)Jazmín
22%
El fundador del PakistánMuhammad Ali
Jinnah
20%

Distribución de puntuación

Porcentaje por número respondido

Porcentaje de gente con cada puntuación

Historial de tus puntuaciones

No has tomado esta prueba